Reverse Dictionary #59 - Statistics

General Stats
  • This quiz has been taken 48 times
  • The average score is 17 of 25
Answer Stats
Definition First
Letter
Word % Correct
The direction towards the pole to the right-hand side of someone facing east. S South
98%
The star that the Earth revolves around and from which it receives light and warmth. S Sun
95%
A light, gentle wind. B Breeze
93%
To stop marching. H Halt
93%
A hardened rectangular block of mud, clay etc., used for building. B Brick
90%
To move upwards. R Rise
90%
To sum up; to put together mentally. A Add
88%
A sensation perceived by the ear caused by the vibration of air or some other medium. S Sound
88%
The practicing of something which is to be performed before an audience, usually to test or improve the interaction between several participating people, or to allow technical adjustments with respect to staging to be done. R Rehearsal
85%
Something unexpected. S Surprise
83%
The number of full years, months, days, hours, etc., that someone, or something, has been alive. A Age
76%
Something brought into existence, such as an invention or artwork. C Creation
71%
A committee that leads or governs e.g., a city or a student body. C Council
66%
What somebody is known for. R Reputation
66%
To annoy (someone) frequently or systematically; to pester. H Harass
63%
Any of a number of chemical elements in the periodic table that form a chemical bond with other atoms in which mobile electrons are shared over many nuclei; generally shiny, somewhat malleable and hard, often a conductor of heat and electricity. M Metal
63%
The lowermost part of a doorway that one crosses to enter. T Threshold
61%
To make sure or certain of something (usually some future event or condition). E Ensure
49%
(business) A corporation formed by the combination of several smaller corporations whose activities are unrelated to the corporation's primary activity. C Conglomerate
41%
Boldly self-assured; confident without being aggressive. A Assertive
37%
A local chapter of some fraternities, such as freemasons. L Lodge
37%
To stand up, especially from a hunched or sitting position. S Straighten
37%
To move one's hand or an object (such as a broom or brush) along (a surface) in one direction, touching it lightly. S Stroke
34%
Any condition, circumstance, opportunity or means, particularly favorable or chance to success, or to any desired end. A Advantage
32%
The collective parts of something which allow it to function. M Machinery
20%
No matching quizzes found
Score Distribution
Percent of People with Each Score
Percentile by Number Answered
Your Score History
You have not taken this quiz